History Quiz

Random History or Year Quiz

This Day in History: September Quiz Stats

Quiz Updated Nov 28, 2011

Challenge
Share
Tweet
Embed
Score 0/30 Timer 07:00
1 Play Today
Day Answer % Correct
Sept 1Poland
95.9%
Sept 11World Trade Center
89.6%
Sept 6Princess Diana
78.9%
Sept 16Mayflower
78%
Sept 22Iran
76.5%
Sept 7Jimmy Carter
76.5%
Sept 9Mao Zedong
76%
Sept 21The Hobbit
73.7%
Sept 8Leningrad
73.4%
Sept 17U.S. Constitution
71.9%
Sept 23Lewis and Clark
66.5%
Sept 5Munich, Germany
66.3%
Sept 24Muhammad
65%
Sept 15South Korea
57.7%
Sept 20Ferdinand Magellan
56.6%
Day Answer % Correct
Sept 30Neville Chamberlain
53.1%
Sept 4Western Roman Empire
49.4%
Sept 19Paris, France
48.4%
Sept 10John Smith
47.7%
Sept 25Sandra Day O'Connor
47.1%
Sept 28William the Conqueror
43.6%
Sept 26Daniel Boone
40.9%
Sept 13French and Indian War
39.7%
Sept 14Mexico City
39%
Sept 29Miguel de Cervantes
37.5%
Sept 12Nikita Khrushchev
27.7%
Sept 27Hungary
23.1%
Sept 3San Marino
18.9%
Sept 18The Guiding Light
18.3%
Sept 2Battle of Actium
10.5%

You're not logged in!

Compare scores with friends on all Sporcle quizzes.
Sign Up with Email
OR
Log In

You Might Also Like...

Show Comments

Extras

Top Quizzes Today


Score Distribution

Your Account Isn't Verified!

In order to create a playlist on Sporcle, you need to verify the email address you used during registration. Go to your Sporcle Settings to finish the process.